| 000 | 00000nam##2200000za#4500 |
| 001 | 9.619741 |
| 003 | CaOODSP |
| 005 | 20210615103642 |
| 007 | ta |
| 008 | 150406|2009||||xxc||||| f|0| 0 eng|d |
| 022 | |a0706-6457 |
| 040 | |aCaOODSP|beng |
| 043 | |an-cn--- |
| 086 | 1 |aFs97-6/2865E |
| 110 | 1 |aCanada. |bDepartment of Fisheries and Oceans. |
| 245 | 12|aA review of options for the containment, control and eradication of illegally introduced smallmouth bass (Micropterus dolomieu) / |cby E.A. Halfyard. |
| 260 | |aMoncton - New Brunswick : |bFisheries and Oceans Canada |c2010. |
| 300 | |avi, 71p. : |bfigs., map, references, tables ; |c28 cm. |
| 490 | 1 |aCanadian technical report of fisheries and aquatic sciences|x0706-6457|vNo. 2865 |
| 500 | |a"Oceans and Science Branch, Aquatic Resources Division, Gulf Region, Fisheries and Oceans Canada, P.O. Box 5030, Moncton, NB E1C 9B6". - Cover. |
| 546 | |a(Résumé en français) |
| 563 | |aSoftcover |
| 590 | |a10-11|b2010-03-19 |
| 720 | 1 |aHalfyard, E. A. |
| 776 | 0#|tA review of options for the containment, control and eradication of illegally introduced smallmouth bass (Micropterus dolomieu) / |w(CaOODSP)9.574409 |
| 830 | #0|aCanadian technical report of fisheries and aquatic sciences,|x0706-6457|vNo. 2865|w(CaOODSP)9.514691 |